000 00312 a2200109 4500
020 _a905410693
082 _a624.15136 COU
100 _aCoussot, Philippe
245 _aMudflow Rheology and Dynamics
_cPhilippe Coussot
260 _aNetherlands :
_bA. A. Balkema,
_c1997
300 _axvi, 255p. :
_bill. ;
_c25 cm
650 _aMudflow -- Rheology
999 _c1063
_d1063